000 00256nam a2200097Ia 4500
008 230915s9999 xx 000 0 und d
050 _aHE 571 . B73 1993
100 _aALAN E. BRANCH
245 0 _aMARITIME ECONOMICS : MANAGEMENT AND MARKETING
942 _cBK
999 _c78625
_d78625